Science Quiz

Random Science Quiz

Famous Scientists Quiz Stats

Quiz not verified by Sporcle

Challenge
Share
Tweet
Embed
Score 0/15 Timer 05:00
0 Plays Today
Discovery Scientist % Correct
Discovered special and general relativityAlbert Einstein
91.2%
Discovered evolution by natural selectionCharles Darwin
88.2%
Discovered Polonium and RadiumMarie Curie
79.4%
Invented dynamiteAlfred Nobel
76.5%
Created calculusIsaac Newton
70.6%
Proved that lightning consisted of electricityBenjamin Franklin
67.6%
Discovered that chimps use toolsJane Goodall
64.7%
Discovered pennicilinAlexander Fleming
64.7%
Discovery Scientist % Correct
Discovered the protonErnest Rutherford
41.2%
Discovered radio wavesHeinrich Hertz
26.5%
Discovered cellsRobert Hooke
26.5%
Discovered the neutronJames Chadwick
17.6%
Discovered continental driftAlfred Wegener
14.7%
Discovered the electronJ. J. Thomson
11.8%
Invented the cyclotronErnest Lawrence
11.8%

You're not logged in!

Compare scores with friends on all Sporcle quizzes.
Sign Up with Email
OR
Log In

You Might Also Like...

Show Comments

Extras

Top Quizzes Today


Score Distribution

Your Account Isn't Verified!

In order to create a playlist on Sporcle, you need to verify the email address you used during registration. Go to your Sporcle Settings to finish the process.

Report this User

Report this user for behavior that violates our Community Guidelines.

Details: